La hipervulnerabilidad del consumidor fumador (Registro nro. 31843)

Detalles MARC
000 -LEADER
fixed length control field 00332 a2200109 4500
001 - CONTROL NUMBER
control field ART_50164
005 - DATE AND TIME OF LATEST TRANSACTION
control field 20260410162007.0
008 - FIXED-LENGTH DATA ELEMENTS--GENERAL INFORMATION
fixed length control field 260409a
100 1# - MAIN ENTRY--PERSONAL NAME
Personal name Romero, Luis E.
245 10 - TITLE STATEMENT
Title La hipervulnerabilidad del consumidor fumador
773 0# - HOST ITEM ENTRY
Title Temas de derecho civil
Related parts - Año 5, N° 11 (nov. 2019)
Record control number REV34778

No hay ítems disponibles.